Statistiques concernant taille parties appareil génital masculin

Cliquez ici pour prendre le quiz!

Statistiques générales

  • Ce quiz a été pris 10 fois
  • Le résultat moyen est 6 sur 20

Statistiques - réponses

partietaille% Correct
testicule (large) en cm3
83%
testicule (longueur) en cm5
80%
testicule (épaisseur) en cm2,5
67%
canal éjaculateur (diamètre) en mm1
60%
canal éjaculateur (long) en cm2
60%
utricule prostatique (profondeur) en cm1
40%
canal efférent (long) en cm20
40%
tube droit (diamètre) en microns25
33%
épididyme (long) en cm5
33%
Canal épididymaire (diamètre) en mm0,5
25%
tube séminifère (rayon) intervalle en microns150 à 300
25%
canal déférent (diamètre) en mm2
25%
ampoule du déférent (large) en cm4
25%
Canal épididymaire (long) intervalle en m5 à 8
25%
canal déférent (long) en cm40
20%
canal efférent (diamètre) en mm0,2
17%
corps spongieux (long) intervalle en cm12 à 16
17%
vésicule séminale (large) intervalle en cm1,5 à 3
17%
vésicule séminale (long) intervalle en cm1 à 8
17%
cellules épididymaires (hauteur) en microns50
17%
cellules de Leydig (diamètre) intervalle en microns15 à 20
0%
corps caverneux (long) intervalle en cm15 à 20
0%
gaine péritubulaire (épaisseur) en microns2 à 5
0%
tube séminifère (long) intervalle en cm30 à 150
0%
ampoule du déférent (long) en cm7
0%

Distribution des résultats

Percentile par nombre de réponses

% des personnes avec chaque résultat

Votre développement - résultats

Vous n’avez pas pris ce quiz